Pays du monde : traduction aléatoire en anglais - Statistiques

Statistiques générales
  • Ce quiz a été pris 133 fois
  • Le résultat moyen est 11 sur 15
Statistiques - réponses
Pays Traduction % Correct
Arménie Armenia
100%
Australie Australia
100%
Autriche Austria
100%
Belgique Belgium
100%
Bénin Benin
100%
Bolivie Bolivia
100%
Brunei Brunei
100%
Canada Canada
100%
Chine China
100%
Croatie Croatia
100%
Cuba Cuba
100%
Djibouti Djibouti
100%
Finlande Finland
100%
France France
100%
Allemagne Germany
100%
Grèce Greece
100%
Guyana Guyana
100%
Inde India
100%
Indonésie Indonesia
100%
Iran Iran
100%
Jamaïque Jamaica
100%
Japon Japan
100%
Kenya Kenya
100%
Liberia Liberia
100%
Libye Libya
100%
Malawi Malawi
100%
Mauritanie Mauritania
100%
Monaco Monaco
100%
Mongolie Mongolia
100%
Namibie Namibia
100%
Nauru Nauru
100%
Nouvelle-Zélande New Zealand
100%
Nigeria Nigeria
100%
Macédoine du nord North Macedonia
100%
Oman Oman
100%
Russie Russia
100%
Slovénie Slovenia
100%
Afrique du Sud South Africa
100%
Sri Lanka Sri Lanka
100%
Suède Sweden
100%
Syrie Syria
100%
Thaïlande Thailand
100%
Tunisie Tunisia
100%
Turquie Turkey
100%
Royaume-Uni United Kingdom
100%
Vietnam Vietnam
100%
Norvège Norway
93%
Espagne Spain
93%
Albanie Albania
92%
Égypte Egypt
92%
Jordanie Jordan
92%
Malte Malta
92%
Colombie Colombia
91%
Mexique Mexico
91%
Arabie saoudite Saudi Arabia
91%
Somalie Somalia
91%
Israël Israel
90%
Nicaragua Nicaragua
90%
Afghanistan Afghanistan
89%
Bahamas Bahamas
89%
Eswatini Eswatini
89%
Gambie Gambia
89%
Honduras Honduras
89%
Roumanie Romania
89%
Venezuela Venezuela
89%
Botswana Botswana
88%
Islande Iceland
88%
Luxembourg Luxembourg
88%
Soudan Sudan
88%
États-Unis United States
88%
Belize Belize
86%
Chili Chile
86%
Ghana Ghana
86%
Grenade Grenada
86%
Hongrie Hungary
86%
Lesotho Lesotho
86%
Micronésie Micronesia
86%
Rwanda Rwanda
86%
Andorre Andorra
83%
Guinée équatoriale Equatorial Guinea
83%
Estonie Estonia
83%
Gabon Gabon
83%
Géorgie Georgia
83%
Serbie Serbia
83%
Slovaquie Slovakia
83%
Tanzanie Tanzania
83%
Argentine Argentina
82%
Kiribati Kiribati
82%
Madagascar Madagascar
82%
Turkménistan Turkmenistan
82%
Chypre Cyprus
80%
Salvador El Salvador
80%
Côte d'Ivoire Ivory Coast
80%
Panama Panama
80%
Suriname Suriname
80%
Guatemala Guatemala
79%
Dominique Dominica
78%
Italie Italy
78%
Mali Mali
78%
Mozambique Mozambique
78%
Niger Niger
78%
Corée du Nord North Korea
78%
Sénégal Senegal
78%
Biélorussie Belarus
77%
Sierra Leone Sierra Leone
77%
Zambie Zambia
77%
Bulgarie Bulgaria
75%
Cambodge Cambodia
75%
République dominicaine Dominican Republic
75%
Maroc Morocco
75%
Népal Nepal
75%
Pologne Poland
75%
Singapour Singapore
75%
Corée du Sud South Korea
75%
Soudan du Sud South Sudan
75%
Suisse Switzerland
75%
Yémen Yemen
75%
Brésil Brazil
71%
Burkina Faso Burkina Faso
71%
Pays-Bas Netherlands
70%
Bosnie-Herzégovine Bosnia and Herzegovina
67%
Tchad Chad
67%
Costa Rica Costa Rica
67%
Équateur Ecuador
67%
Guinée Guinea
67%
Lettonie Latvia
67%
Liechtenstein Liechtenstein
67%
Maldives Maldives
67%
Moldavie Moldova
67%
Monténégro Montenegro
67%
Philippines Philippines
67%
Saint-Marin San Marino
67%
Émirats arabes unis United Arab Emirates
67%
Algérie Algeria
63%
Éthiopie Ethiopia
63%
Koweït Kuwait
63%
Pérou Peru
63%
Ouganda Uganda
63%
Barbade Barbados
60%
Haïti Haiti
60%
Birmanie Myanmar
60%
Palestine Palestine
60%
Qatar Qatar
60%
Azerbaïdjan Azerbaijan
57%
Seychelles Seychelles
57%
Burundi Burundi
56%
Bangladesh Bangladesh
55%
Comores Comoros
50%
Danemark Denmark
50%
Érythrée Eritrea
50%
Fidji Fiji
50%
Malaisie Malaysia
50%
Île Marshall Marshall Islands
50%
Palaos Palau
50%
Sainte-Lucie Saint Lucia
50%
Samoa Samoa
50%
Ouzbékistan Uzbekistan
50%
Vatican Vatican City
46%
Liban Lebanon
45%
Bhoutan Bhutan
44%
Timor oriental East Timor
44%
Maurice Mauritius
44%
Guinée-Bissau Guinea-Bissau
43%
Irak Iraq
43%
Lituanie Lithuania
43%
Cap-Vert Cape Verde
40%
Irlande Ireland
40%
Saint-Christophe-et-Niévès Saint Kitts and Nevis
40%
São Tomé-et-Principe Sao Tome and Principe
40%
Papouasie-Nouvelle-Guinée Papua New Guinea
33%
Saint-Vincent-et-les-Grenadines Saint Vincent and the Grenadines
33%
Tadjikistan Tajikistan
29%
Angola Angola
25%
Cameroun Cameroon
20%
République centrafricaine Central African Republic
17%
Tchéquie Czech Republic
17%
Bahreïn Bahrain
11%
Congo ( Kinshasa ) Democratic Republic of the Congo
0%
Kirghizistan Kyrgystan
0%
Portugal Portugal
0%
Congo ( Brazzaville ) Republic of the Congo
0%
Trinité-et-Tobago Trinitad and Tobago
0%
Aucun quiz correspondant
Distribution des résultats
% des personnes avec chaque résultat
Percentile par nombre de réponses
Votre historique - résultats
Vous n’avez pas pris ce quiz